| 000 | 00508cam a2200181 i 4500 | ||
|---|---|---|---|
| 020 | _a2225482802 : | ||
| 040 | _cDLC | ||
| 082 | 0 | 0 | _a551 MAS 1978 A032 Or. |
| 100 | 1 | _aEscourrou, Gisèle. | |
| 245 | 1 | 0 | _aClimatologie pratique / |
| 260 |
_aParis ; _aNew York ; _aBarcelone : _bMasson, _c1978. |
||
| 300 |
_a172 p., 18 p. of plates (some col.) : _bill. ; _c24 cm. |
||
| 490 | 0 | _aCollection Géographie | |
| 500 | _aIncludes index. | ||
| 650 | 0 | _aWeather forecasting | |
| 650 | 0 | _aClimatology. | |
| 942 | _cEK | ||
| 999 |
_c12114 _d12114 |
||